000 00443nam a2200157 a 4500
001 000031786
005 20200930063159.0
008 110701s1996 dr c 000 0 spa d
020 _a8489538085
040 _aDO-SdBNP
_bspa
_cBNPHU
245 0 0 _aInforme 1995 /
_cManuel Serrano.
260 _aSanto Domingo :
_benda-caribe,
_c1996
_fEditora Búho
300 _a39 p. :
_bil., retrs. ;
_c28 cm.
700 1 _aSerrano, Manuel
_9511
049 _aBNPD
999 _c31278
_d31278